[Event "EU-ch 8th"]
[Site "Dresden"]
[Date "2007.04.07"]
[Round "5"]
[White "Schlawin, Marlon"]
[Black "Zhigalko, Sergei"]
[Result "1/2-1/2"]
[WhiteElo "2306"]
[BlackElo "2540"]
[PlyCount "153"]
[EventDate "2007.04.03"]
[EventType "swiss"]
[EventRounds "11"]
[EventCountry "GER"]
[SourceTitle "CBM 118"]
[Source "ChessBase"]
[SourceDate "2007.05.31"]
[SourceVersion "1"]
[SourceVersionDate "2007.05.31"]
[SourceQuality "1"]

1. e4 c5 2. Nf3 Nc6 3. Bb5 Nf6 4. Bxc6 dxc6 5. d3 Nd7 6. Nc3 e5 7. O-O Bd6 8. Nd2 O-O 9. Nc4 Bc7 10. Ne2 Re8 11. Kh1 b5 12. Ne3 Rb8 13. a4 a6 14. axb5 axb5 15. Qe1 Nf8 16. f4 exf4 17. Nxf4 Ng6 18. Nxg6 hxg6 19. Qf2 f6 20. Nd1 Qd6 21. g3 c4 22. Bf4 Qd8 23. Bxc7 Qxc7 24. Qf4 Qxf4 25. gxf4 c5 26. Nf2 cxd3 27. cxd3 c4 28. Rfd1 Bb7 29. Ra7 cxd3 30. Kg1 Red8 31. Rxd3 Rxd3 32. Nxd3 Bxe4 33. Nc5 Bd5 34. Rd7 Bf7 35. Rb7 Rxb7 36. Nxb7 Bd5 37. Nc5 Kh7 38. Kf2 Kh6 39. h4 g5 40. hxg5+ fxg5 41. Kg3 Kg6 42. Na6 Kf5 43. fxg5 Kxg5 44. Nc7 Bc6 45. b4 Kf5 46. Na6 Bd7 47. Nc7 g6 48. Kh4 g5+ 49. Kg3 Bc6 50. Na6 Be8 51. Nc7 Bd7 52. Na6 Be6 53. Nc7 Bc4 54. Kf3 Bd3 55. Kg3 Kf6 56. Kf3 Bc4 57. Kg3 Be2 58. Kf2 Bd3 59. Kf3 Kf5 60. Kg3 Bf1 61. Kf3 Bc4 62. Kg3 Bd3 63. Kf3 Be4+ 64. Kg3 Bc6 65. Na6 Ke5 66. Nc7 Bd7 67. Kf3 Kf5 68. Kg3 Bc6 69. Na6 Ke5 70. Nc7 Kf6 71. Na6 Ke7 72. Nc7 Bd7 73. Kf3 Kf6 74. Kg3 Kf5 75. Kf3 Ke5 76. Kg3 Ke4 77. Nxb5 1/2-1/2

[Event "EU-ch 8th"]
[Site "Dresden"]
[Date "2007.04.08"]
[Round "6"]
[White "Zhigalko, Sergei"]
[Black "Durarbayli, Vasif"]
[Result "1-0"]
[WhiteElo "2540"]
[BlackElo "2368"]
[PlyCount "72"]
[EventDate "2007.04.03"]
[EventType "swiss"]
[EventRounds "11"]
[EventCountry "GER"]
[SourceTitle "CBM 118"]
[Source "ChessBase"]
[SourceDate "2007.05.31"]
[SourceVersion "1"]
[SourceVersionDate "2007.05.31"]
[SourceQuality "1"]

1. e4 c5 2. Nf3 d6 3. d4 cxd4 4. Qxd4 Nc6 5. Bb5 Bd7 6. Bxc6 Bxc6 7. Nc3 Nf6 8. Bg5 e6 9. O-O-O Be7 10. Rhe1 Qc7 11. Kb1 O-O 12. Qd2 Rfd8 13. Nd4 a6 14. f3 b5 15. g4 Rac8 16. Nce2 Ba8 17. Ng3 b4 18. Rg1 h6 19. Be3 e5 20. Ndf5 d5 21. Bb6 Qxb6 22. Nxe7+ Kf8 23. Nxc8 Rxc8 24. g5 hxg5 25. Qxg5 g6 26. Qxe5 Qc6 27. Rd2 Re8 28. Qd4 dxe4 29. Qxb4+ Kg8 30. Nxe4 Nxe4 31. fxe4 Qxe4 32. a3 Qe3 33. Rgd1 Bf3 34. Rd3 Qe2 35. R1d2 Qf1+ 36. Ka2 Re1 1-0

[Event "EU-ch 8th"]
[Site "Dresden"]
[Date "2007.04.11"]
[Round "8"]
[White "Zhigalko, Sergei"]
[Black "Efimenko, Zahar"]
[Result "1/2-1/2"]
[WhiteElo "2540"]
[BlackElo "2620"]
[PlyCount "134"]
[EventDate "2007.04.03"]
[EventType "swiss"]
[EventRounds "11"]
[EventCountry "GER"]
[SourceTitle "CBM 118"]
[Source "ChessBase"]
[SourceDate "2007.05.31"]
[SourceVersion "1"]
[SourceVersionDate "2007.05.31"]
[SourceQuality "1"]

1. e4 e5 2. Nf3 Nc6 3. Bb5 a6 4. Ba4 Nf6 5. O-O Be7 6. Re1 b5 7. Bb3 d6 8. c3 O-O 9. h3 Na5 10. Bc2 c5 11. d4 Qc7 12. Nbd2 cxd4 13. cxd4 Rd8 14. d5 Bd7 15. Nf1 Rdc8 16. Bd3 Nb7 17. Ng3 Nc5 18. Bf1 a5 19. Bd2 Bd8 20. Rc1 Qb7 21. b3 Na6 22. a3 Nc5 23. b4 axb4 24. axb4 Na4 25. Be3 Rxc1 26. Qxc1 Rc8 27. Qb1 Rc3 28. Bd2 Rc8 29. Be3 g6 30. Rc1 Rxc1 31. Qxc1 Ne8 32. Bd3 Ng7 33. Qc2 Qc7 34. Ne1 f5 35. exf5 Qxc2 36. Nxc2 gxf5 37. Bd2 Nb2 38. Be2 Ne8 39. f4 Bb6+ 40. Kh2 Nf6 41. Na3 Nxd5 42. Bc1 exf4 43. Nh5 Na4 44. Nxb5 Be3 45. Ba3 Nac3 46. Nxc3 Nxc3 47. Bc4+ Kf8 48. Nf6 Bb5 49. Bxb5 Nxb5 50. Bb2 h6 51. g4 fxg3+ 52. Kxg3 Kf7 53. Nd5 Bd2 54. h4 Be1+ 55. Kh3 Ke6 56. Nf4+ Kf7 57. Nd5 Ke6 58. Nf4+ Kd7 59. Bg7 Bxb4 60. Bxh6 Bd2 61. Kg3 Nd4 62. Bg5 Bxf4+ 63. Kxf4 Ke6 64. h5 Kf7 65. Bh4 d5 66. Bf2 Ne6+ 67. Kxf5 Ng7+ 1/2-1/2

[Event "EU-ch 8th"]
[Site "Dresden"]
[Date "2007.04.12"]
[Round "9"]
[White "Riazantsev, Alexander"]
[Black "Zhigalko, Sergei"]
[Result "1/2-1/2"]
[WhiteElo "2621"]
[BlackElo "2540"]
[PlyCount "113"]
[EventDate "2007.04.03"]
[EventType "swiss"]
[EventRounds "11"]
[EventCountry "GER"]
[SourceTitle "CBM 118"]
[Source "ChessBase"]
[SourceDate "2007.05.31"]
[SourceVersion "1"]
[SourceVersionDate "2007.05.31"]
[SourceQuality "1"]

1. d4 Nf6 2. c4 e6 3. Nf3 b6 4. g3 Ba6 5. Qb3 Nc6 6. Nbd2 d5 7. Bg2 Bd6 8. cxd5 exd5 9. Ne5 Bb7 10. Nxc6 Bxc6 11. Nc4 O-O 12. Nxd6 Qxd6 13. Bf4 Qd7 14. Rc1 Rfe8 15. Be5 Ng4 16. Bh3 f5 17. f4 Ba4 18. Qa3 Nxe5 19. fxe5 Bb5 20. Qf3 g6 21. g4 Kh8 22. O-O Qe7 23. gxf5 gxf5 24. Kh1 c5 25. Qxf5 Bxe2 26. Qf6+ Qxf6 27. Rxf6 cxd4 28. Rc7 Rf8 29. Bf5 d3 30. Rxh7+ Kg8 31. Rh3 Rxf6 32. exf6 Kf7 33. Bxd3 Bxd3 34. Rxd3 Rd8 35. Rf3 d4 36. Kg2 d3 37. Rf1 Rc8 38. Kf3 Rc2 39. b3 Rxa2 40. Rd1 Rxh2 41. Kg3 Re2 42. Rxd3 Kxf6 43. Kf3 Re5 44. Rd7 Re7 45. Rd8 Rh7 46. Ke2 Ke6 47. Ra8 Rd7 48. Ke3 a5 49. Re8+ Kf7 50. Rb8 Rd6 51. Ke4 Kf6 52. Rb7 Ke6 53. Rh7 Rc6 54. Kd4 Kd6 55. Rb7 Ke6 56. Rh7 Kd6 57. Ke4 1/2-1/2

[Event "EU-ch 8th"]
[Site "Dresden"]
[Date "2007.04.13"]
[Round "10"]
[White "Zhigalko, Sergei"]
[Black "Mchedlishvili, Mikheil"]
[Result "1/2-1/2"]
[WhiteElo "2540"]
[BlackElo "2609"]
[PlyCount "66"]
[EventDate "2007.04.03"]
[EventType "swiss"]
[EventRounds "11"]
[EventCountry "GER"]
[SourceTitle "CBM 118"]
[Source "ChessBase"]
[SourceDate "2007.05.31"]
[SourceVersion "1"]
[SourceVersionDate "2007.05.31"]
[SourceQuality "1"]

1. e4 c6 2. d4 d5 3. e5 Bf5 4. Nd2 e6 5. Nb3 Nd7 6. Nf3 Ne7 7. Be2 h6 8. O-O Bh7 9. c3 Ng6 10. Ne1 Be7 11. Nd3 O-O 12. f4 Rc8 13. Be3 Nb6 14. Nd2 Nd7 15. b4 b6 16. Rc1 c5 17. bxc5 bxc5 18. c4 dxc4 19. Nxc4 Nh4 20. Nxc5 Nxc5 21. dxc5 Nf5 22. Bf2 Bxc5 23. Qxd8 Rfxd8 24. Rfd1 Rxd1+ 25. Rxd1 g5 26. fxg5 hxg5 27. Rd7 Bg6 28. g4 Nh4 29. Bxc5 Rxc5 30. Kf2 Bb1 31. Rxa7 Ng6 32. Nd2 Bc2 33. Nf3 Nxe5 1/2-1/2

[Event "EU-ch 8th"]
[Site "Dresden"]
[Date "2007.04.14"]
[Round "11"]
[White "Graf, Alexander"]
[Black "Zhigalko, Sergei"]
[Result "0-1"]
[WhiteElo "2620"]
[BlackElo "2540"]
[PlyCount "97"]
[EventDate "2007.04.03"]
[EventType "swiss"]
[EventRounds "11"]
[EventCountry "GER"]
[SourceTitle "CBM 118"]
[Source "ChessBase"]
[SourceDate "2007.05.31"]
[SourceVersion "1"]
[SourceVersionDate "2007.05.31"]
[SourceQuality "1"]

1. d4 Nf6 2. c4 e6 3. Nc3 Bb4 4. Bd2 d5 5. e3 O-O 6. Nf3 b6 7. cxd5 exd5 8. Rc1 Re8 9. Be2 a6 10. Ne5 Bb7 11. Qb3 Bf8 12. O-O Nbd7 13. f4 c5 14. Bf3 c4 15. Qc2 b5 16. Be1 Nb6 17. Bh4 Qd6 18. Bxf6 Qxf6 19. g4 Qe7 20. Qg2 f6 21. Nxd5 Nxd5 22. Bxd5+ Bxd5 23. Qxd5+ Qe6 24. Qxe6+ Rxe6 25. f5 Ree8 26. Nc6 Rxe3 27. Rfe1 Rae8 28. Kf2 Rxe1 29. Rxe1 Kf7 30. Rxe8 Kxe8 31. h4 Kd7 32. d5 Kd6 33. Nd4 Kxd5 34. Ne6 Bd6 35. Nxg7 Be5 36. Ke2 Bxb2 37. Ne6 a5 38. Nc7+ Kc6 39. Ne6 Kd5 40. Nc7+ Kc6 41. Ne6 Kd6 42. g5 fxg5 43. hxg5 Ke5 44. Nc7 Kxf5 45. Nxb5 Kxg5 46. Nd6 c3 47. Kd3 h5 48. Nb7 h4 49. Kd4 0-1

[Event "Minsk Inautomarket op"]
[Site "Minsk"]
[Date "2007.07.10"]
[Round "1"]
[White "Zhigalko, Sergei"]
[Black "Kurukin, Dmitry"]
[Result "1-0"]
[WhiteElo "2560"]
[BlackElo "2189"]
[PlyCount "67"]
[EventDate "2007.07.10"]
[EventType "swiss"]
[EventRounds "9"]
[EventCountry "BLR"]
[SourceTitle "EXT 2008"]
[Source "ChessBase"]
[SourceDate "2007.11.25"]
[SourceVersion "1"]
[SourceVersionDate "2007.11.25"]
[SourceQuality "1"]

1. e4 c5 2. Nf3 d6 3. d4 cxd4 4. Qxd4 a6 5. Bc4 e6 6. Nc3 Nc6 7. Qd3 Be7 8. Bf4 b5 9. Bb3 Nf6 10. O-O-O Bb7 11. Bxd6 Qxd6 12. Qxd6 Bxd6 13. Rxd6 b4 14. e5 Nxe5 15. Nxe5 bxc3 16. bxc3 Rc8 17. Kb2 Ke7 18. Rhd1 Rc7 19. c4 Rhc8 20. f3 a5 21. Rb6 Rb8 22. Rd2 Nd7 23. Rxd7+ Rxd7 24. Nxd7 Kxd7 25. Rb5 Kc7 26. Rxa5 f6 27. Kc3 e5 28. Rc5+ Kb6 29. Rb5+ Kc7 30. c5 g5 31. Be6 h5 32. Bf5 Ra8 33. Rxb7+ Kxb7 34. Be4+ 1-0

[Event "Minsk Inautomarket op"]
[Site "Minsk"]
[Date "2007.07.11"]
[Round "2"]
[White "Shushpanov, Vladimir Fedorovich"]
[Black "Zhigalko, Sergei"]
[Result "1/2-1/2"]
[WhiteElo "2364"]
[BlackElo "2560"]
[PlyCount "72"]
[EventDate "2007.07.10"]
[EventType "swiss"]
[EventRounds "9"]
[EventCountry "BLR"]
[SourceTitle "EXT 2008"]
[Source "ChessBase"]
[SourceDate "2007.11.25"]
[SourceVersion "1"]
[SourceVersionDate "2007.11.25"]
[SourceQuality "1"]

1. c4 e5 2. g3 Nf6 3. Bg2 Nc6 4. Nf3 d5 5. cxd5 Nxd5 6. d3 Be7 7. O-O O-O 8. Nc3 Be6 9. Bd2 Nb6 10. a3 f5 11. b4 Bf6 12. Rc1 h6 13. b5 Na5 14. Rb1 a6 15. a4 axb5 16. axb5 Qd7 17. Qc2 Rfd8 18. Be3 Qf7 19. Nd2 Nd7 20. Na4 Rac8 21. Nc5 Bd5 22. Bxd5 Qxd5 23. Nxd7 Qxd7 24. Qa2+ Kh8 25. Qxa5 f4 26. Ba7 b6 27. Bxb6 Ra8 28. Ba7 e4 29. Nxe4 Bd4 30. Qd2 Bxa7 31. Qxf4 Rf8 32. Qc1 Bb6 33. Kg2 Rae8 34. Rb2 Re5 35. Qc3 Bd4 36. Qb4 Rff5 1/2-1/2

[Event "Minsk Inautomarket op"]
[Site "Minsk"]
[Date "2007.07.12"]
[Round "3"]
[White "Zhigalko, Sergei"]
[Black "Kochetkov, Vitali"]
[Result "1-0"]
[WhiteElo "2560"]
[BlackElo "2316"]
[PlyCount "63"]
[EventDate "2007.07.10"]
[EventType "swiss"]
[EventRounds "9"]
[EventCountry "BLR"]
[SourceTitle "EXT 2008"]
[Source "ChessBase"]
[SourceDate "2007.11.25"]
[SourceVersion "1"]
[SourceVersionDate "2007.11.25"]
[SourceQuality "1"]

1. e4 e6 2. d4 d5 3. e5 c5 4. c3 Nc6 5. Nf3 Bd7 6. Be2 cxd4 7. cxd4 Nge7 8. Na3 Nf5 9. Nc2 Nb4 10. O-O Nxc2 11. Qxc2 Qb6 12. Qd3 Be7 13. a4 a5 14. g4 Nh4 15. Nxh4 Bxh4 16. f4 Be7 17. f5 O-O-O 18. Bd2 f6 19. Kh1 Kb8 20. Rab1 fxe5 21. dxe5 d4 22. f6 Bc6+ 23. Bf3 gxf6 24. exf6 Bxf6 25. b4 Ka7 26. bxa5 Qc7 27. Rfc1 Bxf3+ 28. Qxf3 Qg7 29. a6 Rd7 30. Rc5 bxa6 31. Ba5 Rb7 32. Rxb7+ 1-0

[Event "Minsk Inautomarket op"]
[Site "Minsk"]
[Date "2007.07.13"]
[Round "4"]
[White "Kochetkov, German"]
[Black "Zhigalko, Sergei"]
[Result "0-1"]
[WhiteElo "2396"]
[BlackElo "2560"]
[PlyCount "110"]
[EventDate "2007.07.10"]
[EventType "swiss"]
[EventRounds "9"]
[EventCountry "BLR"]
[SourceTitle "EXT 2008"]
[Source "ChessBase"]
[SourceDate "2007.11.25"]
[SourceVersion "1"]
[SourceVersionDate "2007.11.25"]
[SourceQuality "1"]

1. e4 c5 2. Nf3 Nc6 3. Bb5 Nf6 4. Nc3 Qc7 5. O-O Nd4 6. Re1 a6 7. Bc4 d6 8. h3 e6 9. a4 Be7 10. d3 O-O 11. Nxd4 cxd4 12. Ne2 Nxe4 13. dxe4 Qxc4 14. Nxd4 e5 15. Nf3 Be6 16. b3 Qc6 17. Ba3 Rfd8 18. a5 Qc7 19. Qe2 f5 20. c4 Bf6 21. exf5 Bxf5 22. Rad1 Rd7 23. Qd2 Rad8 24. Qd5+ Kh8 25. Re2 Bg6 26. Red2 Bf7 27. Qe4 d5 28. cxd5 Qxa5 29. Bb4 Qb5 30. d6 Bxb3 31. Rd5 Qc6 32. Nxe5 Bxe5 33. Qxe5 Bxd5 34. Rxd5 Rf7 35. Rd4 Re8 36. Qg5 b6 37. Kh2 a5 38. Bd2 Qd7 39. f4 h6 40. Qd5 Rf5 41. Qf3 Rf6 42. Qh5 Rd8 43. Bc3 Rxd6 44. Re4 Kh7 45. f5 Rf8 46. Rg4 Rdf6 47. Be5 R8f7 48. Bxf6 Rxf6 49. Rf4 Qd6 50. g3 Qd2+ 51. Kg1 a4 52. Qf3 b5 53. Re4 Qd5 54. g4 a3 55. g5 Qxf5 0-1

[Event "Minsk Inautomarket op"]
[Site "Minsk"]
[Date "2007.07.14"]
[Round "5"]
[White "Zhigalko, Sergei"]
[Black "Gubajdullin, Alexey"]
[Result "0-1"]
[WhiteElo "2560"]
[BlackElo "2420"]
[PlyCount "95"]
[EventDate "2007.07.10"]
[EventType "swiss"]
[EventRounds "9"]
[EventCountry "BLR"]
[SourceTitle "EXT 2008"]
[Source "ChessBase"]
[SourceDate "2007.11.25"]
[SourceVersion "1"]
[SourceVersionDate "2007.11.25"]
[SourceQuality "1"]

1. e4 c5 2. Nf3 d6 3. d4 cxd4 4. Qxd4 Bg4 5. Bb5+ Nc6 6. Nc3 Nf6 7. Bg5 h6 8. Bxf6 gxf6 9. O-O-O a6 10. Bxc6+ bxc6 11. Rd3 h5 12. Nh4 e5 13. Qa4 Bd7 14. Re1 Qb6 15. Rf3 Rb8 16. Qb3 Qxb3 17. axb3 Be6 18. Rd3 Kd7 19. Red1 Kc7 20. g3 Rd8 21. Kb1 Rg8 22. f3 Be7 23. R3d2 Rd7 24. Rd3 Rgd8 25. f4 Bh3 26. Re1 Bf8 27. f5 d5 28. exd5 cxd5 29. Ne2 Bb4 30. c3 Bc5 31. Ng1 Bxg1 32. Rxg1 d4 33. cxd4 Rxd4 34. Rc1+ Kb7 35. Rdc3 R8d7 36. Ka2 Bg4 37. Rc8 Rd2 38. R8c6 e4 39. Rxf6 e3 40. Rcc6 R2d4 41. Rb6+ Kc8 42. Ng2 Bf3 43. Ne1 Bh1 44. Rh6 Rd1 45. Nc2 Be4 46. Rxa6 Bxc2 47. Rh8+ Kc7 48. Rha8 0-1

[Event "BLR-ch"]
[Site "Minsk"]
[Date "2008.01.10"]
[Round "1"]
[White "Romanenko, Vladimir"]
[Black "Zhigalko, Sergei"]
[Result "1/2-1/2"]
[WhiteElo "2460"]
[BlackElo "2558"]
[PlyCount "37"]
[EventDate "2008.01.10"]
[EventType "tourn"]
[EventRounds "13"]
[EventCountry "BLR"]
[EventCategory "9"]
[SourceTitle "CBM 122 Extra"]
[Source "ChessBase"]
[SourceDate "2008.03.04"]
[SourceVersion "1"]
[SourceVersionDate "2008.03.04"]
[SourceQuality "1"]

1. e4 c5 2. Nf3 Nc6 3. d4 cxd4 4. Nxd4 Nf6 5. Nc3 e5 6. Ndb5 d6 7. Bg5 a6 8. Na3 b5 9. Nd5 Be7 10. Bxf6 Bxf6 11. c4 b4 12. Nc2 a5 13. g3 O-O 14. Bg2 Bg5 15. O-O Ne7 16. Nde3 Bxe3 17. Nxe3 Be6 18. Qd3 Qb6 19. Nf5 1/2-1/2

[Event "BLR-ch"]
[Site "Minsk"]
[Date "2008.01.12"]
[Round "3"]
[White "Smirnov, Valerij"]
[Black "Zhigalko, Sergei"]
[Result "0-1"]
[WhiteElo "2394"]
[BlackElo "2558"]
[PlyCount "76"]
[EventDate "2008.01.10"]
[EventType "tourn"]
[EventRounds "13"]
[EventCountry "BLR"]
[EventCategory "9"]
[SourceTitle "CBM 122 Extra"]
[Source "ChessBase"]
[SourceDate "2008.03.04"]
[SourceVersion "1"]
[SourceVersionDate "2008.03.04"]
[SourceQuality "1"]

1. d4 Nf6 2. c4 e6 3. Nf3 b6 4. Nc3 Bb7 5. Bg5 h6 6. Bh4 Be7 7. e3 O-O 8. Be2 d6 9. O-O Nbd7 10. h3 a6 11. b4 Re8 12. Bg3 Bf8 13. Qc2 c5 14. bxc5 bxc5 15. Rab1 Qc7 16. Rb3 Rac8 17. Rfb1 Ba8 18. Ra3 Bb7 19. Rab3 Rb8 20. Nd2 cxd4 21. exd4 e5 22. dxe5 dxe5 23. f3 Nc5 24. R3b2 Ne6 25. Bf2 Nd4 26. Bxd4 exd4 27. Nce4 Bxe4 28. fxe4 Rxb2 29. Rxb2 Qf4 30. Rb3 Nxe4 31. Nxe4 Rxe4 32. Rf3 Qe5 33. Bf1 Bc5 34. Qd3 g6 35. g3 Re3 36. Qd1 d3 37. Kg2 Re2+ 38. Kh1 Qd4 0-1

[Event "BLR-ch"]
[Site "Minsk"]
[Date "2008.01.14"]
[Round "5"]
[White "Lomako, Pavel"]
[Black "Zhigalko, Sergei"]
[Result "1/2-1/2"]
[WhiteElo "2413"]
[BlackElo "2558"]
[PlyCount "48"]
[EventDate "2008.01.10"]
[EventType "tourn"]
[EventRounds "13"]
[EventCountry "BLR"]
[EventCategory "9"]
[SourceTitle "CBM 122 Extra"]
[Source "ChessBase"]
[SourceDate "2008.03.04"]
[SourceVersion "1"]
[SourceVersionDate "2008.03.04"]
[SourceQuality "1"]

1. d4 d5 2. Nf3 c6 3. Bf4 Qb6 4. b3 Bf5 5. e3 Nf6 6. Bd3 Bxd3 7. Qxd3 Nbd7 8. O-O Nh5 9. c4 e6 10. Nbd2 g6 11. Be5 Nxe5 12. dxe5 Rd8 13. cxd5 exd5 14. Nd4 Bb4 15. a3 Bxd2 16. Qxd2 c5 17. Ne2 O-O 18. Rac1 Rfe8 19. Qc3 Qa6 20. Ng3 Nxg3 21. hxg3 d4 22. Qxc5 d3 23. Rfd1 b6 24. Qc4 Qxa3 1/2-1/2

[Event "BLR-ch"]
[Site "Minsk"]
[Date "2008.01.15"]
[Round "6"]
[White "Azarov, Sergei Nikolaevich"]
[Black "Zhigalko, Sergei"]
[Result "1/2-1/2"]
[WhiteElo "2594"]
[BlackElo "2558"]
[PlyCount "46"]
[EventDate "2008.01.10"]
[EventType "tourn"]
[EventRounds "13"]
[EventCountry "BLR"]
[EventCategory "9"]
[SourceTitle "CBM 122 Extra"]
[Source "ChessBase"]
[SourceDate "2008.03.04"]
[SourceVersion "1"]
[SourceVersionDate "2008.03.04"]
[SourceQuality "1"]

1. e4 c5 2. Nf3 Nc6 3. d4 cxd4 4. Nxd4 Nf6 5. Nc3 e5 6. Ndb5 d6 7. Bg5 a6 8. Na3 b5 9. Bxf6 gxf6 10. Nd5 Bg7 11. c3 f5 12. exf5 Bxf5 13. Nc2 Be6 14. g3 O-O 15. Bg2 a5 16. O-O Rb8 17. Qh5 f5 18. Nce3 Kh8 19. Rad1 Ne7 20. Nxe7 Qxe7 21. g4 e4 22. Nxf5 Bxf5 23. gxf5 Qe5 1/2-1/2

[Event "BLR-ch"]
[Site "Minsk"]
[Date "2008.01.16"]
[Round "7"]
[White "Zhigalko, Sergei"]
[Black "Teterev, Vitaly"]
[Result "1/2-1/2"]
[WhiteElo "2558"]
[BlackElo "2507"]
[PlyCount "145"]
[EventDate "2008.01.10"]
[EventType "tourn"]
[EventRounds "13"]
[EventCountry "BLR"]
[EventCategory "9"]
[SourceTitle "CBM 122 Extra"]
[Source "ChessBase"]
[SourceDate "2008.03.04"]
[SourceVersion "1"]
[SourceVersionDate "2008.03.04"]
[SourceQuality "1"]

1. e4 e5 2. Nf3 Nc6 3. Bb5 a6 4. Ba4 d6 5. O-O Bd7 6. c3 g6 7. d4 Bg7 8. Re1 b5 9. Bb3 Nf6 10. dxe5 Nxe5 11. Nxe5 dxe5 12. c4 O-O 13. Nc3 c6 14. cxb5 axb5 15. Bg5 Qe7 16. a4 bxa4 17. Nxa4 h6 18. Be3 Rfb8 19. Bc5 Qe8 20. Qc2 Be6 21. Bxe6 Qxe6 22. Rad1 Rb5 23. b4 Bf8 24. Bxf8 Rxf8 25. Nc5 Qe7 26. Qc3 Rfb8 27. Nd3 Qe6 28. h3 Nh5 29. Nc5 Qe7 30. Nd3 Nf4 31. Nxf4 exf4 32. e5 Qxb4 33. Qxc6 R5b6 34. Qf3 Re6 35. Re4 Qb3 36. Qxb3 Rxb3 37. Rxf4 Rxe5 38. Rd7 Rf5 39. Rxf5 gxf5 40. Rd5 f4 41. Rd4 f3 42. g4 Kg7 43. Kh2 Kg6 44. Rd5 Ra3 45. Kg3 Rb3 46. Rd6+ Kg7 47. Rd5 Kg6 48. Rf5 Ra3 49. Rxf3 Ra5 50. h4 f6 51. h5+ Kf7 52. Rf4 Ra3+ 53. Rf3 Ra5 54. Rb3 Ra7 55. Rb4 Rc7 56. Kf4 Ra7 57. Ke4 Re7+ 58. Kd3 Rd7+ 59. Rd4 Ra7 60. Rb4 Rd7+ 61. Ke3 Re7+ 62. Kf3 Ra7 63. Kg3 Rc7 64. Kf4 Ra7 65. Rb5 Re7 66. Kf5 Ra7 67. f4 Rc7 68. Rb4 Ra7 69. Ke4 Re7+ 70. Kd5 Rd7+ 71. Ke4 Re7+ 72. Kf3 Ra7 73. Ke4 1/2-1/2

[Event "BLR-ch"]
[Site "Minsk"]
[Date "2008.01.17"]
[Round "8"]
[White "Lutsko, Igor"]
[Black "Zhigalko, Sergei"]
[Result "0-1"]
[WhiteElo "2429"]
[BlackElo "2558"]
[PlyCount "66"]
[EventDate "2008.01.10"]
[EventType "tourn"]
[EventRounds "13"]
[EventCountry "BLR"]
[EventCategory "9"]
[SourceTitle "CBM 122 Extra"]
[Source "ChessBase"]
[SourceDate "2008.03.04"]
[SourceVersion "1"]
[SourceVersionDate "2008.03.04"]
[SourceQuality "1"]

1. d4 Nf6 2. c4 e6 3. Nf3 b6 4. g3 Ba6 5. b3 Bb4+ 6. Bd2 Be7 7. Bg2 c6 8. O-O d5 9. Qc2 Nbd7 10. Rd1 O-O 11. Bf4 Rc8 12. Nc3 h6 13. h3 Re8 14. g4 dxc4 15. e4 Bb4 16. bxc4 Bxc4 17. Ne2 b5 18. Ng3 c5 19. a3 Ba5 20. g5 hxg5 21. Bxg5 Qc7 22. Bxf6 Nxf6 23. e5 Nh7 24. dxc5 Bd5 25. Rxd5 exd5 26. Rc1 Bb6 27. c6 g6 28. Ne2 Rxe5 29. Nxe5 Qxe5 30. Qd3 Nf6 31. Kf1 Ne4 32. Qxb5 Qf6 33. f3 Qh4 0-1

[Event "BLR-ch"]
[Site "Minsk"]
[Date "2008.01.18"]
[Round "9"]
[White "Zhigalko, Sergei"]
[Black "Fedorov, Alexei"]
[Result "1/2-1/2"]
[WhiteElo "2558"]
[BlackElo "2607"]
[PlyCount "48"]
[EventDate "2008.01.10"]
[EventType "tourn"]
[EventRounds "13"]
[EventCountry "BLR"]
[EventCategory "9"]
[SourceTitle "CBM 122 Extra"]
[Source "ChessBase"]
[SourceDate "2008.03.04"]
[SourceVersion "1"]
[SourceVersionDate "2008.03.04"]
[SourceQuality "1"]

1. e4 c5 2. c3 d6 3. d4 Nf6 4. Bd3 Qc7 5. Nf3 g6 6. O-O Bg7 7. a4 O-O 8. Na3 Bg4 9. Be3 cxd4 10. cxd4 Nc6 11. Rc1 Qd8 12. h3 Bxf3 13. Qxf3 Nd7 14. Nc2 e5 15. d5 Nd4 16. Nxd4 exd4 17. Bd2 Nc5 18. Rc4 Re8 19. Re1 a5 20. Rcc1 Qh4 21. Rb1 Re7 22. b4 Nxa4 23. bxa5 Nc3 24. Rb6 Rd7 1/2-1/2

[Event "BLR-ch"]
[Site "Minsk"]
[Date "2008.01.19"]
[Round "10"]
[White "Stupak, Kirill"]
[Black "Zhigalko, Sergei"]
[Result "1-0"]
[WhiteElo "2412"]
[BlackElo "2558"]
[PlyCount "151"]
[EventDate "2008.01.10"]
[EventType "tourn"]
[EventRounds "13"]
[EventCountry "BLR"]
[EventCategory "9"]
[SourceTitle "CBM 122 Extra"]
[Source "ChessBase"]
[SourceDate "2008.03.04"]
[SourceVersion "1"]
[SourceVersionDate "2008.03.04"]
[SourceQuality "1"]

1. d4 d5 2. c4 e6 3. Nf3 c6 4. Nc3 dxc4 5. a4 Bb4 6. e4 b5 7. Bd2 Nf6 8. e5 Bxc3 9. bxc3 Ne4 10. Qb1 Qd5 11. axb5 cxb5 12. Ra5 a6 13. Bxc4 Qxc4 14. Qxe4 Nc6 15. Ra1 Bb7 16. Qe2 Qd5 17. O-O O-O 18. Rfd1 a5 19. Be3 Rfc8 20. Ne1 Ne7 21. Bd2 Nf5 22. Qf3 Qd7 23. Qg4 Rc4 24. Nd3 b4 25. Nb2 h5 26. Qe2 Rc7 27. Na4 Qd5 28. f3 Rb8 29. Qf2 Qb5 30. Qf1 Bd5 31. Qxb5 Rxb5 32. Nc5 Ne7 33. Rac1 bxc3 34. Bxc3 Nc6 35. Rb1 Rxb1 36. Rxb1 Ra7 37. Na4 Ne7 38. Ra1 Bc6 39. Kf2 Nd5 40. Bd2 Ra8 41. h4 Rb8 42. Ke2 Kh7 43. g3 Bb5+ 44. Kd1 Bc6 45. Ke2 Kg6 46. g4 hxg4 47. fxg4 Rb3 48. Nc5 Rg3 49. h5+ Kh7 50. Rxa5 Rxg4 51. Ra7 Kg8 52. Kd3 Rg3+ 53. Kc2 Ne3+ 54. Bxe3 Rxe3 55. Rc7 Bb5 56. Rc8+ Kh7 57. Rf8 Bc4 58. Rxf7 Kh6 59. Re7 Kxh5 60. Rxg7 Ra3 61. Re7 Kg4 62. Nxe6 Kf3 63. Nc5 Ke3 64. Rd7 Bb5 65. Rd8 Bc4 66. e6 Ra7 67. Kc3 Ba2 68. d5 Rc7 69. Kb4 Kd4 70. d6 Rxc5 71. e7 Bf7 72. d7 Rc2 73. e8=Q Rb2+ 74. Ka5 Ra2+ 75. Kb6 Rb2+ 76. Kc7 1-0

[Event "BLR-ch"]
[Site "Minsk"]
[Date "2008.01.20"]
[Round "11"]
[White "Zhigalko, Sergei"]
[Black "Borsuk, Yuriy"]
[Result "1-0"]
[WhiteElo "2558"]
[BlackElo "2268"]
[PlyCount "93"]
[EventDate "2008.01.10"]
[EventType "tourn"]
[EventRounds "13"]
[EventCountry "BLR"]
[EventCategory "9"]
[SourceTitle "CBM 122 Extra"]
[Source "ChessBase"]
[SourceDate "2008.03.04"]
[SourceVersion "1"]
[SourceVersionDate "2008.03.04"]
[SourceQuality "1"]

1. e4 e5 2. Nf3 Nc6 3. Bb5 a6 4. Ba4 Nf6 5. O-O b5 6. Bb3 Be7 7. Re1 d6 8. c3 Na5 9. Bc2 c5 10. d4 Nd7 11. Nbd2 O-O 12. Nf1 exd4 13. cxd4 Nc6 14. Bf4 cxd4 15. Nxd4 Nxd4 16. Qxd4 Qb6 17. Qd2 Ne5 18. b3 Be6 19. Rad1 Rac8 20. Ne3 Rfd8 21. Bb1 a5 22. h3 a4 23. Nd5 Bxd5 24. Qxd5 Qc5 25. Be3 Qb4 26. Re2 axb3 27. axb3 Nd7 28. Rd4 Qc5 29. Rc2 Qxd5 30. Rxd5 Rxc2 31. Bxc2 Rb8 32. Kf1 Kf8 33. Ke2 Nc5 34. e5 Nb7 35. Rxb5 Rc8 36. Bxh7 Nc5 37. Bf5 Re8 38. Kf3 Ne6 39. Bxe6 fxe6 40. exd6 Bxd6 41. Ke4 Rc8 42. Rb6 Ke7 43. Rb7+ Kf6 44. Bd4+ e5 45. Be3 Rc3 46. f4 exf4 47. Bd4+ 1-0